Nationalmannschaften mit mehr Spielen bei der Europameisterschaft - Statistiken

Allgemein
  • Dieses Quiz wurde 83 mal gespielt
    45 seit der letzten Aktualisierung
  • Das Durchschnittsergebnis liegt bei 15 aus 16
Antwortstatistiken
Spiele Mannschaft % Korrekt
58 Deutschland / Westdeutschland
100%
45 Niederlande
100%
53 Spanien
100%
45 England
97%
49 Frankreich
97%
49 Italien
97%
27 Belgien
95%
44 Portugal
95%
36 Russland / Sowjetunion
95%
23 Schweiz
90%
37 Dänemark
87%
24 Schweden
87%
40 Tschechische Republik / Tschechoslowakei
85%
23 Türkei
85%
25 Kroatien
82%
20 Rumänien
59%
Keine übereinstimmenden Quizze gefunden
Verteilung der Resultate
Anzahl Personen mit jedem Resultat
Perzentil nach korrekt beantworteten Fragen
Ihre Resultats-Entwicklung
Sie haben dieses Quiz seit der letzten Aktualisierung nicht gespielt